000 00402nam a2200121Ia 4500
008 220204s9999 xx 000 0 und d
082 _a02(035)
_bHAN.7
245 0 _aHandbook of libraries, archives and information centres in India. V 7. Science and technology information systems and centres
260 _aDelhi
_bAditya Prakashan
_c1990
700 _aGupta, B M
700 _aMathan, S S
942 _cBK
999 _c40684
_d40684